000 02127nam0a2200421 4500
001 RU\NLR\BIBL_A\022107114
005 20240125140756.0
010 _a978-5-902123-90-3
_9600
021 _aRU
_bКН-П-23-074466
_9КН-П-23-7530
035 _a(NLR Aleph) 022107114
035 _a(RuMoRGB)012377353
090 _a12765392
_c12765392
100 _a20240112d2023 k y0rusy50 ca
101 0 _arus
102 _aRU
105 _aa|||z|||000yy
181 0 _ai
_baxxe
182 0 _an
200 1 _aБронхиолиты
_eмонография
_f[Айсанов Заурбек Рамазанович, д-р мед. наук, проф., Анаев Эльдар Хусеевич, д-р мед. наук, доц., проф., Баймаканова Гульсара Есенгельдиевна, д-р мед. наук и др.]
_gпод редакцией А. С. Белевского
_gРоссийское респираторное общество
203 _aТекст
_bвизуальный
_cнепосредственный
210 _aМосква
_cАтмосфера
_d2023
215 _a176 с.
_cил., цв. ил., табл.
_d24
225 1 _aСерия Российского респираторного общества
_fгл. ред.: А. Г. Чучалин
300 _aАвт. указаны на 5-й с.
320 _aБиблиогр. в конце гл.
606 1 _aБронхиолиты
_2nlr_sh1
_2nlr_sh2
_3RU\NLR\AUTH\66179048
675 _a616.235-002
_v4
686 1 _aР412.201.1
701 1 _aАйсанов
_bЗ. Р.
_gЗаурбек Рамазанович
701 1 _aАнаев
_bЭ. Х.
_gЭльдар Хусеевич
701 1 _aБаймаканова
_bГ. Е.
_gГульсара Есенгельдиевна
702 1 _aБелевский
_bА. С.
_gАндрей Станиславович
_4340
712 0 2 _aРоссийское респираторное общество
_3RU\NLR\AUTH\8810068819
_4570
942 _cBOOK
980 _aNB